Non nước xứ Đồng Hương

Giới thiệu lịch sử hình thành, đặc điểm kinh tế, văn hoá vật thể, phong tục, tín ngưỡng, lễ hội, ca dao dân ca, truyện kể, ẩm thực và trò chơi dân gian xứ Đồng Hương

Guardat en:
Dades bibliogràfiques
Autor principal: Nguyễn Viết Trung
Format: Llibre
Idioma:Vietnamese
Publicat: H. Văn hóa dân tộc 2011
Col·lecció:ĐTTS ghi: Hội văn nghệ dân gian Việt Nam
Etiquetes: Afegir etiqueta
Sense etiquetes, Sigues el primer a etiquetar aquest registre!
Thư viện lưu trữ: Mạng thư viện Đại học Đà Nẵng
LEADER 00933nam a2200265 4500
001 000016059
003 12448
005 20120717150702.0
008 120717s2011 viesd
041 0 |a vie 
082 |a 390.0959756  |b NG-T 
100 0 |a Nguyễn Viết Trung 
245 0 |a Non nước xứ Đồng Hương  |c Nguyễn Viết Trung 
260 |a H.  |b Văn hóa dân tộc  |c 2011 
300 |a 391 tr.  |c 21 cm. 
490 |a ĐTTS ghi: Hội văn nghệ dân gian Việt Nam 
520 |a Giới thiệu lịch sử hình thành, đặc điểm kinh tế, văn hoá vật thể, phong tục, tín ngưỡng, lễ hội, ca dao dân ca, truyện kể, ẩm thực và trò chơi dân gian xứ Đồng Hương 
OWN |a LSP 
999 |a From the UDN01 
TYP |a Monograph 
TYP |a Printed language 
980 |a Mạng thư viện Đại học Đà Nẵng